000 00866nam0a2200301 4500
001 RU\NLR\bibl\88001
005 20250617074213.0
010 _a5-237-00927-1
_915000
021 _aRU
_b1998-22976
_9744
035 _a(NLR Aleph) 000085961
090 _a480475
_c480475
100 _a20000524d1998 |||y0rusy50 ca
101 0 _arus
102 _aRU
105 _ay |||||||||
200 1 _aНа пороге счастья
_e[Роман]
_fПатриция Линн
_g[Пер. с англ. О.И. Штепы]
210 _aМ.
_cАСТ
_d1998
215 _a158 с.
_d16
225 1 _aСчастье
_vN 7
686 _aШ6(7США)67-440.4
700 1 _aЛинн
_bПатриция
_4070
801 0 _aRU
_bNLR
_c20000524
_gPSBO
801 1 _aRU
_bNLR
_c20000524
852 _aNLR
_j99-2/3616
942 _cBOOK
980 _aNB